Carregant...

മാതൃഭാഷാബോധനം പ്രൈമറി ക്ലാസ്സുകളില്‍

Dades bibliogràfiques
Autors principals: നീലമ്പേരൂര്‍ രാമകൃഷ്ണന്‍ നായര്‍, Neelamperoor Ramakrishnan Nair
Format: Printed Book
Publicat: Trivandrum; Neelamperoor Ramakrishnan Nair; 1981
Edició:2nd / 1st (1980)
Matèries:
LEADER 00872nam a22001817a 4500
082 |a 370.954  |b RAM/M M1 
100 |a നീലമ്പേരൂര്‍ രാമകൃഷ്ണന്‍ നായര്‍  |9 322596 
100 |a Neelamperoor Ramakrishnan Nair  |9 322597 
240 |a Mathru Bhasha Bodhanam Primary Classukalil 
245 |a മാതൃഭാഷാബോധനം പ്രൈമറി ക്ലാസ്സുകളില്‍ 
250 |a 2nd / 1st (1980) 
260 |a Trivandrum;  |b Neelamperoor Ramakrishnan Nair;  |c 1981 
300 |a 271p. 
650 |a മലയാള; വിദ്യാഭ്യാസം  |9 322598 
650 |a  Malayalam; Education   |9 322599 
942 |c BK 
999 |c 45496  |d 45496 
952 |0 0  |1 0  |4 0  |6 370_954000000000000_RAM_M_M1  |7 0  |8 EDU  |9 53004  |a MAL  |b MAL  |d 2015-11-17  |e 30465  |g 16.00  |l 0  |o 370.954 RAM/M M1  |p MAL030465  |r 2015-11-17  |t 1  |w 2015-11-17  |y BK